000 00403nam a2200145Ia 4500
999 _c14173
_d14173
003 OSt
008 260210s9999 xx 000 0 und d
020 _a9789356408548
082 _a307.12160954
110 _aIDFC Foundation
245 0 _aIndia Infrastructure Report 2023: Urban Planning and Development
260 _aNew Delhi
_bBloomsbury Publishing
_c2024
300 _a375p;
942 _cBPLAN
_2ddc